[Event "105th British-ch 2018"]
[Site "Hull"]
[Date "2018.08.05"]
[Round "9"]
[White "Wall, Tim P"]
[Black "Bradbury, Neil H"]
[Result "1/2-1/2"]
[WhiteElo "2234"]
[BlackElo "2348"]
[Annotator "NA"]
[PlyCount "55"]
[EventDate "2018.07.28"]
[EventType "swiss"]
[EventCountry "GBR"]
[SourceTitle "playchess.com"]
[Source "ChessBase"]
[SourceQuality "1"]
[TimeControl "40/5400+30:1800+30"]

1. d4 {[%emt 0:18:16]} Nf6 {[%emt 0:00:00]} 2. Bg5 {[%emt 0:00:13]} Ne4 {[%emt 0:01:58]} 3. Bf4 {[%emt 0:00:42]} c5 {[%emt 0:00:16]} 4. d5 {[%emt 0:00:18]} Qb6 {[%emt 0:08:01]} 5. Nd2 {[%emt 0:00:14]} Nxd2 {[%emt 0:02:40]} 6. Bxd2 {[%emt 0:02:15]} e5 {[%emt 0:08:23]} 7. e4 {[%emt 0:05:52]} Qg6 {[%emt 0:07:01]} 8. Qe2 {[%emt 0:07:47]} Be7 {[%emt 0:05:16]} 9. O-O-O {[%emt 0:11:01]} Bg5 {[%emt 0:07:38]} 10. d6 {[%emt 0:06:41]} Bxd2+ {[%emt 0:07:38]} 11. Qxd2 {[%emt 0:10:22]} Nc6 {[%emt 0:06:09]} 12. Nf3 {[%emt 0:07:11]} O-O {[%emt 0:01:18]} 13. Qe3 {[%emt 0:02:01]} b6 {[%emt 0:10:29]} 14. Bc4 {[%emt 0:01:32]} Bb7 {[%emt 0:00:08]} 15. Bd5 {[%emt 0:03:54]} Rae8 {[%emt 0:04:04]} 16. h4 {[%emt 0:00:51]} Na5 {[%emt 0:03:21]} 17. h5 {[%emt 0:04:36]} Qf6 {[%emt 0:00:21]} 18. Nh4 {[%emt 0:05:53]} Bxd5 {[%emt 0:05:04]} 19. Rxd5 {[%emt 0:00:08]} g6 {[%emt 0:00:09]} 20. g3 {[%emt 0:04:06]} Re6 {[%emt 0:03:38]} 21. Rhd1 {[%emt 0:01:16]} Rc8 {[%emt 0:03:57]} 22. b3 {[%emt 0:01:46]} Rc6 {[%emt 0:01:59]} 23. Qd3 {[%emt 0:02:16]} c4 {[%emt 0:04:11]} 24. Qe3 {[%emt 0:00:16]} Rexd6 {[%emt 0:01:45]} 25. b4 {[%emt 0:00:32]} Nb7 {[%emt 0:00:35]} 26. Nf3 {[%emt 0:00:42]} Rc8 {[%emt 0:03:59]} 27. Nxe5 {[%emt 0:00:49]} Re6 {[%emt 0:01:31]} 28. Nxd7 {[%emt 0:00:38]} 1/2-1/2

[Event "105th British-ch 2018"]
[Site "Hull"]
[Date "2018.08.05"]
[Round "9"]
[White "Tozer, Philip A A"]
[Black "Krzyzanowski, Patryk"]
[Result "1/2-1/2"]
[WhiteElo "2142"]
[BlackElo "2087"]
[Annotator "NA"]
[PlyCount "115"]
[EventDate "2018.07.28"]
[EventType "swiss"]
[EventCountry "GBR"]
[SourceTitle "playchess.com"]
[Source "ChessBase"]
[SourceQuality "1"]
[TimeControl "40/5400+30:1800+30"]

1. c4 {[%emt 0:00:00]} e6 {[%emt 0:00:00]} 2. g3 {[%emt 0:00:00]} d5 {[%emt 0:00:08]} 3. Bg2 {[%emt 0:00:00]} Nf6 {[%emt 0:00:20]} 4. Nf3 {[%emt 0:00:08]} c5 {[%emt 0:04:26]} 5. O-O {[%emt 0:00:39]} Nc6 {[%emt 0:01:09]} 6. b3 {[%emt 0:01:36]} d4 {[%emt 0:01:39]} 7. e3 {[%emt 0:00:07]} Be7 {[%emt 0:00:35]} 8. exd4 {[%emt 0:00:20]} cxd4 {[%emt 0:00:47]} 9. Re1 {[%emt 0:00:47]} O-O {[%emt 0:00:15]} 10. d3 {[%emt 0:05:45]} Re8 {[%emt 0:01:08]} 11. Ba3 {[%emt 0:05:00]} Bxa3 {[%emt 0:07:24]} 12. Nxa3 {[%emt 0:00:06]} e5 {[%emt 0:00:57]} 13. Rb1 {[%emt 0:12:37]} Bg4 {[%emt 0:13:35]} 14. h3 {[%emt 0:03:43]} Bh5 {[%emt 0:04:11]} 15. g4 {[%emt 0:04:25]} Bg6 {[%emt 0:00:31]} 16. Nh4 {[%emt 0:06:06]} Ne4 {[%emt 0:02:54]} 17. Bxe4 {[%emt 0:00:27]} Qxh4 {[%emt 0:00:13]} 18. Qf3 {[%emt 0:03:17]} h5 {[%emt 0:07:20]} 19. Nb5 {[%emt 0:03:48]} hxg4 {[%emt 0:02:55]} 20. hxg4 {[%emt 0:01:14]} Bxe4 {[%emt 0:08:48]} 21. Rxe4 {[%emt 0:03:31]} Re6 {[%emt 0:03:57]} 22. Nc7 {[%emt 0:01:31]} Rf6 {[%emt 0:00:18]} 23. Qg2 {[%emt 0:01:37]} Rd8 {[%emt 0:01:10]} 24. g5 {[%emt 0:20:39]} Rf4 {[%emt 0:01:06]} 25. Rxf4 {[%emt 0:05:31]} Qxf4 {[%emt 0:02:27]} 26. Nd5 {[%emt 0:01:20]} Qf5 {[%emt 0:01:18]} 27. Qg3 {[%emt 0:05:39]} Rd6 {[%emt 0:00:32]} 28. Kh2 {[%emt 0:00:21]} Rg6 {[%emt 0:00:31]} 29. Rg1 {[%emt 0:00:17]} f6 {[%emt 0:00:47]} 30. Qh3 {[%emt 0:01:15]} Qxh3+ {[%emt 0:16:34]} 31. Kxh3 {[%emt 0:00:03]} Kf7 {[%emt 0:04:31]} 32. Rg2 {[%emt 0:04:34]} fxg5 {[%emt 0:03:25]} 33. Kg4 {[%emt 0:00:18]} Re6 {[%emt 0:02:28]} 34. f3 {[%emt 0:01:59]} Kg6 {[%emt 0:01:17]} 35. b4 {[%emt 0:01:18]} Nd8 {[%emt 0:02:07]} 36. Re2 {[%emt 0:01:14]} Nf7 {[%emt 0:00:22]} 37. f4 {[%emt 0:03:23]} Nh6+ {[%emt 0:00:12]} 38. Kf3 {[%emt 0:00:02]} g4+ {[%emt 0:00:49]} 39. Kg3 {[%emt 0:00:35]} Kf5 {[%emt 0:01:20]} 40. Rxe5+ {[%emt 0:03:36]} Rxe5 {[%emt 0:00:12]} 41. fxe5 {[%emt 0:30:03]} Kxe5 {[%emt 0:30:24]} 42. Nf4 {[%emt 0:00:00]} b5 {[%emt 0:00:00]} 43. cxb5 {[%emt 0:00:00]} Nf5+ {[%emt 0:00:00]} 44. Kxg4 {[%emt 0:00:00]} Ne3+ {[%emt 0:00:00]} 45. Kg5 {[%emt 0:00:00]} Nc2 {[%emt 0:00:00]} 46. a4 {[%emt 0:00:00]} Nxb4 {[%emt 0:00:00]} 47. a5 {[%emt 0:00:00]} Nd5 {[%emt 0:01:48]} 48. Nxd5 {[%emt 0:00:00]} Kxd5 {[%emt 0:00:07]} 49. Kg6 {[%emt 0:00:00]} Kc5 {[%emt 0:01:40]} 50. b6 {[%emt 0:00:00]} axb6 {[%emt 0:00:18]} 51. axb6 {[%emt 0:00:00]} Kxb6 {[%emt 0:00:06]} 52. Kxg7 {[%emt 0:00:00]} Kc7 {[%emt 0:01:39]} 53. Kf6 {[%emt 0:00:00]} Kd6 {[%emt 0:00:05]} 54. Kf5 {[%emt 0:00:00]} Kd5 {[%emt 0:00:07]} 55. Kf4 {[%emt 0:00:00]} Kd6 {[%emt 0:00:08]} 56. Ke4 {[%emt 0:00:00]} Ke6 {[%emt 0:00:07]} 57. Kxd4 {[%emt 0:00:00]} Kd6 {[%emt 0:00:07]} 58. Ke4 {[%emt 0:00:00] Ke5+ [%emt 00:00:24]} 1/2-1/2

[Event "105th British-ch 2018"]
[Site "Hull"]
[Date "2018.08.05"]
[Round "9"]
[White "Jarmany, John"]
[Black "De Coverly, Roger D"]
[Result "1-0"]
[WhiteElo "2110"]
[BlackElo "1920"]
[Annotator "NA"]
[PlyCount "45"]
[EventDate "2018.07.28"]
[EventType "swiss"]
[EventCountry "GBR"]
[SourceTitle "playchess.com"]
[Source "ChessBase"]
[SourceQuality "1"]
[TimeControl "40/5400+30:1800+30"]

1. d4 {[%emt 0:00:00]} Nf6 {[%emt 0:00:29]} 2. c4 {[%emt 0:00:00]} g6 {[%emt 0:00:34]} 3. Nc3 {[%emt 0:00:00]} Bg7 {[%emt 0:00:07]} 4. e4 {[%emt 0:00:00]} d6 {[%emt 0:00:04]} 5. Nge2 {[%emt 0:00:00]} O-O {[%emt 0:00:57]} 6. Ng3 {[%emt 0:00:00]} c5 {[%emt 0:00:15]} 7. d5 {[%emt 0:00:00]} h5 {[%emt 0:00:26]} 8. Be2 {[%emt 0:00:22]} e6 {[%emt 0:03:03]} 9. Bg5 {[%emt 0:00:51]} exd5 {[%emt 0:00:48]} 10. cxd5 {[%emt 0:00:13]} Nbd7 {[%emt 0:03:02]} 11. Qd2 {[%emt 0:04:02]} a6 {[%emt 0:01:40]} 12. a4 {[%emt 0:00:07]} Qa5 {[%emt 0:02:20]} 13. O-O {[%emt 0:01:06]} Re8 {[%emt 0:02:42]} 14. h3 {[%emt 0:04:38]} Nh7 {[%emt 0:03:00]} 15. Be3 {[%emt 0:03:36]} h4 {[%emt 0:04:41]} 16. Nh1 {[%emt 0:00:20]} Rb8 {[%emt 0:10:19]} 17. f3 {[%emt 0:03:03]} Qb4 {[%emt 0:01:54]} 18. Nf2 {[%emt 0:04:53]} c4 {[%emt 0:03:58]} 19. Bd4 {[%emt 0:05:39]} Bxd4 {[%emt 0:02:32]} 20. Qxd4 {[%emt 0:00:04]} b5 {[%emt 0:00:59]} 21. axb5 {[%emt 0:00:12]} axb5 {[%emt 0:00:28]} 22. Nd3 {[%emt 0:00:17]} Qb3 {[%emt 0:04:46]} 23. Bd1 {[%emt 0:00:23]} 1-0

[Event "105th British-ch 2018"]
[Site "Hull"]
[Date "2018.08.05"]
[Round "9"]
[White "Waddington, Mike P"]
[Black "Verma, Aditya"]
[Result "0-1"]
[WhiteElo "2110"]
[BlackElo "2084"]
[Annotator "NA"]
[PlyCount "66"]
[EventDate "2018.07.28"]
[EventType "swiss"]
[EventCountry "GBR"]
[SourceTitle "playchess.com"]
[Source "ChessBase"]
[SourceQuality "1"]
[TimeControl "40/5400+30:1800+30"]

1. c4 {[%emt 0:00:00]} Nf6 {[%emt 0:00:00]} 2. Nc3 {[%emt 0:00:00]} c6 {[%emt 0:00:08]} 3. e4 {[%emt 0:01:59]} d5 {[%emt 0:00:09]} 4. e5 {[%emt 0:00:28]} d4 {[%emt 0:00:51]} 5. exf6 {[%emt 0:00:54]} dxc3 {[%emt 0:00:10]} 6. bxc3 {[%emt 0:02:01]} gxf6 {[%emt 0:01:35]} 7. d4 {[%emt 0:00:45]} Bf5 {[%emt 0:01:37]} 8. Bd3 {[%emt 0:02:45]} Qa5 {[%emt 0:09:19]} 9. Ne2 {[%emt 0:06:56]} Nd7 {[%emt 0:06:20]} 10. O-O {[%emt 0:05:30]} e6 {[%emt 0:00:52]} 11. Bxf5 {[%emt 0:05:33]} Qxf5 {[%emt 0:00:07]} 12. Ng3 {[%emt 0:00:15]} Qa5 {[%emt 0:01:12]} 13. Qf3 {[%emt 0:05:44]} Be7 {[%emt 0:02:11]} 14. Bf4 {[%emt 0:04:31]} Nb6 {[%emt 0:02:20]} 15. Rab1 {[%emt 0:09:14]} O-O-O {[%emt 0:09:04]} 16. c5 {[%emt 0:04:24]} Nd5 {[%emt 0:01:00]} 17. Rb3 {[%emt 0:06:30]} Qa6 {[%emt 0:04:35]} 18. Rfb1 {[%emt 0:01:07]} Rd7 {[%emt 0:00:38]} 19. Bc1 {[%emt 0:04:36]} Qc4 {[%emt 0:16:17]} 20. Ne4 {[%emt 0:01:36]} a5 {[%emt 0:00:44]} 21. Nd2 {[%emt 0:09:14]} Qa6 {[%emt 0:01:08]} 22. a3 {[%emt 0:02:19]} a4 {[%emt 0:07:32]} 23. Rb6 {[%emt 0:02:00]} Qa5 {[%emt 0:05:35]} 24. R1b4 {[%emt 0:02:37]} Nxb6 {[%emt 0:03:33]} 25. Rxb6 {[%emt 0:00:14]} Bxc5 {[%emt 0:04:26]} 26. dxc5 {[%emt 0:07:18]} Qxc5 {[%emt 0:00:06]} 27. Rb4 {[%emt 0:01:31]} Rhd8 {[%emt 0:00:46]} 28. Nf1 {[%emt 0:00:24]} Rd1 {[%emt 0:01:37]} 29. Bf4 {[%emt 0:03:29]} R8d3 {[%emt 0:03:25]} 30. Qg4 {[%emt 0:00:39]} Qxc3 {[%emt 0:03:42]} 31. Re4 {[%emt 0:04:42]} f5 {[%emt 0:01:15]} 32. Qg8+ {[%emt 0:04:27]} Rd8 {[%emt 0:00:18]} 33. Qxf7 {[%emt 0:01:25]} Rxf1+ {[%emt 0:00:30]} 0-1

[Event "105th British-ch 2018"]
[Site "Hull"]
[Date "2018.08.05"]
[Round "9"]
[White "Maroroa, Sue Y"]
[Black "Britton, Richard"]
[Result "1/2-1/2"]
[WhiteElo "2104"]
[BlackElo "2249"]
[Annotator "NA"]
[PlyCount "60"]
[EventDate "2018.07.28"]
[EventType "swiss"]
[EventCountry "GBR"]
[SourceTitle "playchess.com"]
[Source "ChessBase"]
[SourceQuality "1"]
[TimeControl "40/5400+30:1800+30"]

1. e4 {[%emt 0:04:00]} c5 {[%emt 0:00:00]} 2. c3 {[%emt 0:00:04]} Nf6 {[%emt 0:03:17]} 3. e5 {[%emt 0:00:08]} Nd5 {[%emt 0:00:05]} 4. Nf3 {[%emt 0:00:05]} Nc6 {[%emt 0:00:53]} 5. d4 {[%emt 0:00:08]} cxd4 {[%emt 0:00:22]} 6. Bc4 {[%emt 0:00:04]} Nb6 {[%emt 0:00:27]} 7. Bb3 {[%emt 0:00:04]} d5 {[%emt 0:05:54]} 8. exd6 {[%emt 0:01:06]} Qxd6 {[%emt 0:00:24]} 9. O-O {[%emt 0:00:10]} Bf5 {[%emt 0:02:41]} 10. cxd4 {[%emt 0:03:37]} e6 {[%emt 0:00:42]} 11. Nc3 {[%emt 0:03:51]} Be7 {[%emt 0:00:09]} 12. d5 {[%emt 0:04:41]} exd5 {[%emt 0:03:17]} 13. Nxd5 {[%emt 0:00:21]} Nxd5 {[%emt 0:00:16]} 14. Qxd5 {[%emt 0:00:03]} Qxd5 {[%emt 0:07:25]} 15. Bxd5 {[%emt 0:00:05]} O-O {[%emt 0:06:47]} 16. Bg5 {[%emt 0:03:13]} Bxg5 {[%emt 0:09:29]} 17. Nxg5 {[%emt 0:00:06]} h6 {[%emt 0:01:51]} 18. Nf3 {[%emt 0:01:39]} Nb4 {[%emt 0:05:29]} 19. Bc4 {[%emt 0:05:50]} Bd3 {[%emt 0:21:10]} 20. Bxd3 {[%emt 0:03:47]} Nxd3 {[%emt 0:00:07]} 21. Rfd1 {[%emt 0:02:17]} Rfd8 {[%emt 0:03:11]} 22. h4 {[%emt 0:13:23]} Rd7 {[%emt 0:01:52]} 23. Rd2 {[%emt 0:03:34]} Rad8 {[%emt 0:00:12]} 24. Rad1 {[%emt 0:00:09]} Kf8 {[%emt 0:00:20]} 25. Ne1 {[%emt 0:00:40]} Ne5 {[%emt 0:00:51]} 26. Rxd7 {[%emt 0:00:35]} Rxd7 {[%emt 0:00:05]} 27. Rxd7 {[%emt 0:00:22]} Nxd7 {[%emt 0:00:48]} 28. Kf1 {[%emt 0:00:08]} Ke7 {[%emt 0:00:04]} 29. Ke2 {[%emt 0:01:40]} Kd6 {[%emt 0:00:06]} 30. Nd3 {[%emt 0:02:44]} Kd5 {[%emt 0:05:04]} 1/2-1/2

[Event "105th British-ch 2018"]
[Site "Hull"]
[Date "2018.08.05"]
[Round "9"]
[White "Price, Gwilym T"]
[Black "Muir, Andrew J"]
[Result "0-1"]
[WhiteElo "2085"]
[BlackElo "2291"]
[Annotator "NA"]
[PlyCount "126"]
[EventDate "2018.07.28"]
[EventType "swiss"]
[EventCountry "GBR"]
[SourceTitle "playchess.com"]
[Source "ChessBase"]
[SourceQuality "1"]
[TimeControl "40/5400+30:1800+30"]

1. e4 {[%emt 0:00:00]} c5 {[%emt 0:00:00]} 2. Nf3 {[%emt 0:00:00]} Nc6 {[%emt 0:00:00]} 3. d4 {[%emt 0:00:00]} cxd4 {[%emt 0:00:01]} 4. Nxd4 {[%emt 0:00:00]} Nf6 {[%emt 0:00:05]} 5. Nc3 {[%emt 0:00:00]} d6 {[%emt 0:00:35]} 6. Bg5 {[%emt 0:00:05]} e6 {[%emt 0:00:28]} 7. Qd2 {[%emt 0:00:05]} Be7 {[%emt 0:00:10]} 8. O-O-O {[%emt 0:00:15]} O-O {[%emt 0:00:08]} 9. f4 {[%emt 0:00:19]} Nxd4 {[%emt 0:00:25]} 10. Qxd4 {[%emt 0:00:07]} Qa5 {[%emt 0:00:02]} 11. Kb1 {[%emt 0:00:22]} h6 {[%emt 0:01:06]} 12. h4 {[%emt 0:00:28]} e5 {[%emt 0:03:24] B65: Sizilianisch (Richter/Rauser-Angriff)} 13. Qd3 {[%emt 0:05:29]} (13. Qf2 exf4 14. Nd5 Nxd5 15. Rxd5 Qc7 16. Qxf4 Re8 17. Bxh6 Bf6 18. Bb5 Be6 19. Bxe8 Bxd5 20. exd5 Rxe8 {½-½ (39) Almasi,Z (2717)-Acs,P (2602) Paks 2010}) 13... exf4 {[%emt 0:01:57]} 14. Bxf4 {[%emt 0:00:13]} Be6 {[%emt 0:02:53]} 15. Nd5 {[%emt 0:09:01]} Bxd5 {[%emt 0:00:35]} 16. exd5 {[%emt 0:00:09]} Rfe8 {[%emt 0:20:51]} 17. Be2 {[%emt 0:03:46]} Bf8 $146 {[%emt 0:03:55]} ({Vorgänger:} 17... Nd7 18. Qf5 Nc5 19. Bd3 Nxd3 20. Rxd3 Bxh4 {1-0 (66) Shchekachev,A (2460)-Lepelletier,B (2385) Cannes 1995}) 18. Rhe1 {[%emt 0:16:35]} Re4 {[%emt 0:02:57]} 19. Bd2 {[%emt 0:06:45]} Qc5 {[%emt 0:14:59]} 20. Bf3 {[%emt 0:02:22]} Rxh4 {[%emt 0:04:26]} 21. Bc3 {[%emt 0:01:25]} Qc4 {[%emt 0:05:36]} 22. Bxf6 {[%emt 0:04:22]} Qxd3 {[%emt 0:01:47]} 23. Rxd3 {[%emt 0:00:49]} gxf6 {[%emt 0:00:06]} 24. c3 {[%emt 0:01:42]} f5 {[%emt 0:01:14]} 25. Rde3 {[%emt 0:00:51]} Rc4 {[%emt 0:03:44]} 26. Re8 {[%emt 0:04:47]} Rxe8 {[%emt 0:02:04]} 27. Rxe8 {[%emt 0:00:06]} Rc7 {[%emt 0:00:33]} 28. Kc2 {[%emt 0:01:14]} Kg7 {[%emt 0:00:38]} 29. Re1 {[%emt 0:01:49]} Be7 {[%emt 0:01:27]} 30. Kd3 {[%emt 0:01:04]} Bf6 {[%emt 0:01:04]} 31. Re2 {[%emt 0:04:03]} Be5 {[%emt 0:09:25]} 32. Rc2 {[%emt 0:04:06]} Kg6 {[%emt 0:01:44]} 33. b4 {[%emt 0:01:12]} h5 {[%emt 0:01:29]} 34. c4 {[%emt 0:01:46]} b6 {[%emt 0:00:14]} 35. Rc1 {[%emt 0:06:57]} h4 {[%emt 0:00:29]} 36. a4 {[%emt 0:00:28]} Kg5 {[%emt 0:01:38]} 37. Rf1 {[%emt 0:03:56]} Rc8 {[%emt 0:01:43]} 38. Bd1 {[%emt 0:01:37]} Rh8 {[%emt 0:04:54]} 39. Rf3 {[%emt 0:03:10]} Bf4 {[%emt 0:01:30]} 40. Rf2 {[%emt 0:06:22]} h3 {[%emt 0:01:22]} 41. gxh3 {[%emt 0:30:13]} Rxh3+ {[%emt 0:30:06]} 42. Rf3 {[%emt 0:01:47]} Rh1 {[%emt 0:02:44]} 43. Ke2 {[%emt 0:01:11]} Be5 {[%emt 0:02:53]} 44. Kd2 {[%emt 0:02:03]} Rh2+ {[%emt 0:01:47]} 45. Be2 {[%emt 0:00:32]} f4 {[%emt 0:00:30]} 46. Kd3 {[%emt 0:01:07]} Rg2 {[%emt 0:00:53]} 47. Rf1 {[%emt 0:00:52]} f6 {[%emt 0:00:00]} 48. b5 {[%emt 0:00:00]} f5 {[%emt 0:00:00]} 49. Rf3 {[%emt 0:00:00]} Kh4 {[%emt 0:00:00]} 50. Rf1 {[%emt 0:00:00]} Kh3 {[%emt 0:00:00]} 51. Kd2 {[%emt 0:00:00]} Kh2 {[%emt 0:00:00]} 52. Kd3 {[%emt 0:00:00]} Rg1 {[%emt 0:00:00]} 53. Rf3 {[%emt 0:00:00]} Ra1 {[%emt 0:00:00]} 54. Bf1 {[%emt 0:00:00]} Rxa4 {[%emt 0:00:00]} 55. Kd2 {[%emt 0:00:00]} Kg1 {[%emt 0:00:00]} 56. Be2 {[%emt 0:00:00]} Kg2 {[%emt 0:00:00]} 57. Rb3 {[%emt 0:00:00]} Ra1 {[%emt 0:00:00]} 58. Rf3 {[%emt 0:00:00]} Rb1 {[%emt 0:00:00]} 59. Ra3 $19 {[%emt 0:00:00]} (59. Kc2 Rb2+ 60. Kd1) 59... Rb2+ {[%emt 0:00:00]} 60. Kd1 {[%emt 0:00:00]} Bd4 {[%emt 0:00:00]} 61. Rd3 {[%emt 0:00:00]} Be3 {[%emt 0:00:00]} 62. Ke1 {[%emt 0:00:00]} Rb1+ {[%emt 0:00:00]} 63. Bd1 {[%emt 0:00:09]} f3 {[%emt 0:00:00]} 0-1

[Event "105th British-ch 2018"]
[Site "Hull"]
[Date "2018.08.05"]
[Round "9"]
[White "Jackson, Sheila"]
[Black "Longson, Sarah N"]
[Result "1/2-1/2"]
[WhiteElo "2072"]
[BlackElo "2123"]
[Annotator "NA"]
[PlyCount "168"]
[EventDate "2018.07.28"]
[EventType "swiss"]
[EventCountry "GBR"]
[SourceTitle "playchess.com"]
[Source "ChessBase"]
[SourceQuality "1"]
[TimeControl "40/5400+30:1800+30"]

1. e4 {[%emt 0:00:00]} e5 {[%emt 0:00:00]} 2. Nf3 {[%emt 0:00:00]} Nc6 {[%emt 0:00:00]} 3. Bc4 {[%emt 0:00:00]} Bc5 {[%emt 0:00:00]} 4. Nc3 {[%emt 0:02:25]} Nf6 {[%emt 0:00:00]} 5. d3 {[%emt 0:00:41]} O-O {[%emt 0:03:08]} 6. O-O {[%emt 0:07:04]} a6 {[%emt 0:03:48]} 7. Bg5 {[%emt 0:07:58]} Be7 {[%emt 0:02:19]} 8. Qd2 {[%emt 0:09:04]} d6 {[%emt 0:00:21]} 9. Bxf6 {[%emt 0:13:57]} Bxf6 {[%emt 0:00:11]} 10. Nd5 {[%emt 0:01:16]} Bg4 {[%emt 0:04:21]} 11. Nxf6+ {[%emt 0:06:34]} Qxf6 {[%emt 0:00:08]} 12. Ne1 {[%emt 0:00:11]} Nd4 {[%emt 0:03:24]} 13. f3 {[%emt 0:00:23]} Be6 {[%emt 0:05:05]} 14. c3 {[%emt 0:01:58]} Nc6 {[%emt 0:02:59]} 15. b4 {[%emt 0:02:16]} Ne7 {[%emt 0:03:18]} 16. Nc2 {[%emt 0:03:21]} Ng6 {[%emt 0:05:03]} 17. g3 {[%emt 0:01:01]} c6 {[%emt 0:08:28]} 18. Bb3 {[%emt 0:13:04]} a5 {[%emt 0:02:15]} 19. Bxe6 {[%emt 0:03:42]} fxe6 {[%emt 0:03:23]} 20. a3 {[%emt 0:00:37]} d5 {[%emt 0:02:38]} 21. Kg2 {[%emt 0:03:49]} Nh8 {[%emt 0:07:18]} 22. bxa5 {[%emt 0:03:54]} Rxa5 {[%emt 0:00:14]} 23. c4 {[%emt 0:00:16]} Raa8 {[%emt 0:06:53]} 24. Rab1 {[%emt 0:00:53]} Rf7 {[%emt 0:02:16]} 25. h4 {[%emt 0:05:09]} Qd8 {[%emt 0:07:19]} 26. Qc3 {[%emt 0:01:23]} d4 {[%emt 0:03:37]} 27. Qd2 {[%emt 0:01:02]} Ng6 {[%emt 0:00:39]} 28. Qg5 {[%emt 0:01:23]} Qa5 {[%emt 0:00:28]} 29. Rb4 {[%emt 0:01:39]} Raf8 {[%emt 0:07:53]} 30. Qc1 {[%emt 0:04:28]} Rb8 {[%emt 0:05:14]} 31. Rf2 {[%emt 0:01:22]} Nf8 {[%emt 0:01:10]} 32. Ne1 {[%emt 0:00:25]} Nd7 {[%emt 0:00:18]} 33. Nc2 {[%emt 0:01:12]} Nc5 {[%emt 0:00:21]} 34. Qd2 {[%emt 0:00:26]} Rbf8 {[%emt 0:01:39]} 35. Qe2 {[%emt 0:02:11]} Rf6 {[%emt 0:01:04]} 36. h5 {[%emt 0:01:33]} Qa8 {[%emt 0:01:17]} 37. g4 {[%emt 0:00:11]} Rf4 {[%emt 0:01:44]} 38. Kg3 {[%emt 0:00:06]} Qd8 {[%emt 0:00:32]} 39. Ne1 {[%emt 0:00:26]} R4f7 {[%emt 0:03:27]} 40. Qd2 {[%emt 0:00:20]} Qf6 {[%emt 0:03:21]} 41. Rb1 {[%emt 0:06:25]} Ra8 {[%emt 0:01:33]} 42. Qb4 {[%emt 0:05:34]} Qe7 {[%emt 0:00:20]} 43. Ra2 {[%emt 0:02:48]} Ra4 {[%emt 0:03:32]} 44. Qd2 {[%emt 0:01:05]} Rf8 {[%emt 0:01:24]} 45. Rb4 {[%emt 0:00:48]} Ra7 {[%emt 0:00:41]} 46. Ra1 {[%emt 0:08:39]} Rfa8 {[%emt 0:02:46]} 47. Nc2 {[%emt 0:00:18]} Qf7 {[%emt 0:01:14]} 48. Qe2 {[%emt 0:06:27]} Qf4+ {[%emt 0:01:53]} 49. Kg2 {[%emt 0:00:01]} Rf8 {[%emt 0:03:45]} 50. Rh1 {[%emt 0:00:18]} Raa8 {[%emt 0:01:28]} 51. Rbb1 {[%emt 0:00:52]} Rf6 {[%emt 0:02:33]} 52. Rh3 {[%emt 0:00:15]} Rf7 {[%emt 0:02:49]} 53. Rg3 {[%emt 0:01:01]} Qg5 {[%emt 0:00:32]} 54. Rh1 {[%emt 0:01:11]} Ra6 {[%emt 0:02:32]} 55. Rb1 {[%emt 0:00:55]} Rf8 {[%emt 0:00:35]} 56. Rh3 {[%emt 0:01:19]} Rf4 {[%emt 0:02:02]} 57. Rg3 {[%emt 0:00:28]} Ra7 {[%emt 0:02:30]} 58. Qd2 {[%emt 0:00:13]} h6 {[%emt 0:03:30]} 59. Rd1 {[%emt 0:00:57]} Qd8 {[%emt 0:01:51]} 60. Kh3 {[%emt 0:01:00]} Ra4 {[%emt 0:01:51]} 61. Kg2 {[%emt 0:00:13]} Qb6 {[%emt 0:01:32]} 62. g5 {[%emt 0:00:18]} hxg5 {[%emt 0:00:25]} 63. Rxg5 Qd8 {[%emt 0:00:53]} 64. Rxe5 {[%emt 0:00:21]} Qf8 {[%emt 0:00:54]} 65. Nxd4 {[%emt 0:00:07]} Rxa3 {[%emt 0:00:43]} 66. Rxc5 {[%emt 0:00:14]} Qxc5 {[%emt 0:00:26]} 67. Nxe6 {[%emt 0:00:25]} Qe7 {[%emt 0:00:45]} 68. Nxf4 {[%emt 0:00:11]} Qg5+ {[%emt 0:00:08]} 69. Kf2 {[%emt 0:00:31]} Qc5+ {[%emt 0:00:34]} 70. Qe3 {[%emt 0:00:13]} Ra2+ {[%emt 0:00:10]} 71. Ne2 {[%emt 0:00:01]} Qxh5 {[%emt 0:00:07]} 72. Rg1 {[%emt 0:00:15]} Qh2+ {[%emt 0:00:36]} 73. Rg2 {[%emt 0:00:27]} Qh4+ {[%emt 0:00:05]} 74. Kf1 {[%emt 0:00:58]} Ra1+ {[%emt 0:00:10]} 75. Nc1 {[%emt 0:00:04]} Qh1+ {[%emt 0:00:42]} 76. Rg1 {[%emt 0:00:04]} Qh3+ {[%emt 0:00:08]} 77. Ke1 {[%emt 0:00:42]} Qh2 {[%emt 0:00:48]} 78. Rxg7+ {[%emt 0:01:27]} Kh8 {[%emt 0:00:51]} 79. Rg8+ {[%emt 0:02:14]} Kxg8 {[%emt 0:00:58]} 80. Qg5+ {[%emt 0:00:02]} Kf7 {[%emt 0:00:20]} 81. Qf5+ {[%emt 0:00:25]} Ke7 {[%emt 0:00:20]} 82. Qg5+ {[%emt 0:00:20]} Kf7 {[%emt 0:00:17]} 83. Qf5+ {[%emt 0:00:13]} Kg7 {[%emt 0:01:43]} 84. Qg5+ {[%emt 0:00:42]} Kf7 {[%emt 0:00:10]} 1/2-1/2